| 000 | 00960nam a2200277 i 4500 | ||
|---|---|---|---|
| 001 | bg | ||
| 100 | 1 | _aPABIS, Robert | |
| 245 | 1 | 0 |
_aSpółka komandytowa i komandytowo-akcyjna / _cRobert Pabis. |
| 260 |
_aWarszawa : _bC. H. Beck, _c2003. |
||
| 300 |
_aXV, 842 s. ; _c25 cm + _eCD-ROM. |
||
| 490 | 1 |
_aPisma Spółek Handlowych ; _vt. 2 |
|
| 500 | _aNa grzb. odmienna nazwa serii: PSH. | ||
| 504 | _aBibliogr. przy rozdz. Indeks. | ||
| 650 | 9 |
_aSpółki akcyjne _xprawo _zPolska _ystan na 2003 r. |
|
| 650 | 9 |
_aSpółki komandytowe _xprawo _zPolska _ystan na 2003 r. |
|
| 655 | _aFormularze i druki | ||
| 830 | _aPisma Spółek Handlowych ; | ||
| 020 | _a8372476667 | ||
| 040 | _cBPK | ||
| 041 | 0 | _apol | |
| 080 | _a347.723+347.725](438)(083) | ||
| 920 | _a83-7247-666-7 | ||
| 942 | _cKS | ||
| 008 | s pl f |000 0 pol | ||
| 999 |
_c43117 _d43117 |
||
| 856 |
_uhttp://koha.tu.koszalin.pl/cgi-bin/koha/opac-detail.pl?biblionumber=43117 _yKatalog online BPK |
||